[Event "Match"]
[Site "www.echecsemail.com"]
[Date "2017.06.23"]
[Round "1"]
[White "Motorhead99"]
[Black "Krystek23"]
[WhiteElo "1599"]
[BlackElo "2360"]
[Result "0-1"]
[Round "1"]
1.e4 c5
2.Ng1f3 Nb8c6
3.d4 cxd4
4.Nf3xd4 e6
5.Nb1c3 Qd8c7
6.Bc1e3 a6
7.Bf1e2 b5
8.Qd1d2 Ng8f6
9.f3 Bf8e7
10.O-O-O Bc8b7
11.Nd4xc6 dxc6
12.Kb1 Ra8d8
13.Qd2c1 Nf6d7
14.g4 O-O
15.h4 c5
16.Be3f4 Nd7e5
17.Rd1xd8 Rf8xd8
18.Bf4xe5 Qc7xe5
19.f4 Qe5c7
20.Be2f3 b4
21.Nc3e2 c4
22.g5 Rd8d2
23.Qc1xd2 Bb7c6
24.Ne2d4 Bc6e8
25.e5 a5
26.Rh1d1 Be7f8
27.h5 c3
28.Qd2d3 Qc7b6
29.b3 a4
30.Rd1h1 Qb6a7
31.bxa4 Qa7xa4
32.Qd3d1 Qa4a3
33.Qd1c1 Qa3a5
34.Nd4b3 Qa5a7
35.Rh1d1 Be8d7
36.Bf3e4 g6
37.hxg6 hxg6
38.Rd1h1 Bd7c6
39.Be4xc6 Qa7a6
40.Bc6e4 Qa6e2
41.Rh1e1 Qe2g4
42.Re1g1 Qg4e2
43.Qc1e1 Qe2a6
44.Be4d3 Qa6a3
45.Qe1c1 Qa3a7
46.Bd3c4 Qa7a4
47.Rg1d1 Kg7
{ resign }
0-1

[Event "Match"]
[Site "www.echecsemail.com"]
[Date "2017.06.23"]
[Round "1"]
[White "Winston"]
[Black "Llord"]
[WhiteElo "1890"]
[BlackElo "2020"]
[Result "0-1"]
[Round "1"]
1.e4 e5
2.Ng1f3 Nb8c6
3.Bf1c4 d6
4.h3 Ng8f6
5.d3 Bf8e7
6.Bc1g5 h6
7.Bg5h4 Nc6d4
8.Nf3xd4 exd4
9.O-O O-O
10.Nb1d2 c5
11.c3 dxc3
12.bxc3 a6
13.a4 Bc8e6
14.Qd1b3 Be6xc4
15.Nd2xc4 Nf6h7
16.Bh4xe7 Qd8xe7
17.Nc4b6 Ra8d8
18.Nb6d5 Qe7d7
19.Ra1b1 Rd8b8
20.Nd5b6 Qd7e7
21.Nb6d5 Qe7e6
22.Nd5c7 Qe6d7
23.Nc7d5 Qd7e6
24.f4 b5
25.f5 Qe6e5
26.axb5 Rb8xb5
27.Qb3a4 Rb5xb1
28.Rf1xb1 Nh7g5
29.h4 Ng5h7
30.Qa4xa6 Nh7f6
31.Nd5xf6 Qe5xf6
32.g3 Qf6xc3
33.Qa6xd6 Qc3c2
34.Rb1b8 Qc2d1
35.Kg2 Qd1e2
36.Kh3 Qe2f1
37.Kg4 Rf8xb8
38.Qd6xb8 Kh7
39.Qb8b5 Qf1e2
40.Kf4 f6
41.Qb5c4 h5
42.Qc4xc5 Qe2g4
43.Ke3 Qg4xg3
44.Kd4 Qg3xh4
45.Kd5 Qh4f4
46.Ke6 h4
47.Kf7 Qf4b8
48.Qc5g1 Qb8g3
49.Qg1b6 h3
50.Qb6d8 h2
51.Qd8g8 Kh6
52.Qg8h8 Kg5
53.Qh8xg7 Kf4
{ resign }
0-1

[Event "Match"]
[Site "www.echecsemail.com"]
[Date "2017.06.23"]
[Round "1"]
[White "Insearchof"]
[Black "Mdesouza"]
[WhiteElo "2250"]
[BlackElo "2220"]
[Result "0-1"]
[Round "1"]
1.d4 d5
2.c4 dxc4
3.Ng1f3 Ng8f6
4.e3 e6
5.Bf1xc4 c5
6.O-O a6
7.Bc4b3 b5
8.a4 Bc8b7
9.axb5 axb5
10.Ra1xa8 Bb7xa8
11.dxc5 Bf8xc5
12.Nb1c3 { time. }
0-1

[Event "Match"]
[Site "www.echecsemail.com"]
[Date "2017.06.23"]
[Round "1"]
[White "Motorhead99"]
[Black "Hundegana"]
[WhiteElo "1860"]
[BlackElo "2020"]
[Result "0-1"]
[Round "1"]
1.d4 d5
2.e3 a6
3.Bf1d3 g6
4.b3 Bf8g7
5.f4 f5
6.Ng1f3 Nb8c6
7.Bc1b2 e6
8.Nf3e5 Nc6xe5
9.fxe5 h5
10.O-O Bg7h6
11.Qd1e1 b5
12.Nb1d2 Qd8g5
13.Rf1f3 Qg5e7
14.c4 bxc4
15.bxc4 Ra8b8
16.Bb2c3 Kf7
17.cxd5 exd5
18.a4 Qe7e6
19.e4 Ng8e7
20.exf5 Qe6c6
21.fxg6 Ke8
22.Nd2f1 Ne7xg6
23.Rf3f6 Qc6d7
24.Bd3xg6 Kd8
25.Qe1h4 Qd7e7
26.Bc3a5 Bc8e6
27.Ra1b1 Rb8xb1
28.Bg6xb1 Kc8
29.Bb1d3 Kb7
30.Qh4e1 Bh6g5
31.Rf6g6 Rh8h6
32.Rg6xh6 Bg5xh6
33.Qe1b4 Qe7xb4
34.Ba5xb4 c6
35.Bb4c5 h4
36.h3 Bh6g5
37.Kf2 Bg5f4
38.g3 hxg3
{ resign }
0-1

[Event "Match"]
[Site "www.echecsemail.com"]
[Date "2017.06.23"]
[Round "1"]
[White "Motorhead99"]
[Black "Mihaiiorga"]
[WhiteElo "1799"]
[BlackElo "2190"]
[Result "0-1"]
[Round "1"]
1.e4 c5
2.Ng1f3 e6
3.d4 cxd4
4.Nf3xd4 a6
5.Nb1c3 Bf8b4
6.Bc1d2 Nb8c6
7.Nd4b3 Ng8e7
8.Bf1d3 O-O
9.f4 d5
10.Qd1e2 b5
11.exd5 Ne7xd5
12.O-O Bb4xc3
13.bxc3 Bc8b7
14.Nb3c5 Qd8c7
15.Nc5xb7 Qc7xb7
16.Qe2h5 g6
17.Qh5h3 Qb7a7
18.Kh1 Qa7c5
19.Qh3h6 Nd5xc3
{ resign }
0-1

[Event "Match"]
[Site "www.echecsemail.com"]
[Date "2017.06.23"]
[Round "1"]
[White "Paco"]
[Black "Motorhead99"]
[WhiteElo "1970"]
[BlackElo "1599"]
[Result "1-0"]
[Round "1"]
1.e4 e5
2.Ng1f3 Nb8c6
3.Bf1c4 Bf8c5
4.d3 d6
5.Nf3g5 Ng8h6
6.Qd1f3 O-O
7.Ng5h3 Nc6d4
8.Qf3d1 Bc8xh3
9.gxh3 Qd8h4
10.Bc1xh6 Qh4xh6
11.c3 Nd4e6
12.Qd1f3 c6
13.O-O Ne6f4
14.Kh1 Qh6xh3
15.Qf3xh3 Nf4xh3
16.Kg2 Nh3f4
17.Kf3 d5
18.exd5 cxd5
19.Bc4b5 a6
20.Bb5a4 Nf4xd3
21.b4 e4
22.Ke2 Bc5d6
23.Nb1d2 Bd6e5
24.Ba4b3 { resign }
1-0

[Event "Match"]
[Site "www.echecsemail.com"]
[Date "2017.06.23"]
[Round "1"]
[White "Chapi"]
[Black "Darknight"]
[WhiteElo "2120"]
[BlackElo "1850"]
[Result "1-0"]
[Round "1"]
1.d4 d5
2.c4 e6
3.Nb1c3 Nb8c6
4.cxd5 exd5
5.Ng1f3 h6
6.Bc1f4 a6
7.e4 dxe4
8.Nc3xe4 Bf8b4
9.Ne4c3 Bc8g4
10.Bf1e2 Ng8f6
11.O-O g5
12.Bf4g3 Bb4d6
13.Nf3e5 Bg4d7
14.Be2c4 Bd6xe5
15.dxe5 Nf6g8
16.Nc3d5 Nc6e7
17.Nd5f6 Ng8xf6
18.exf6 Ne7g8
19.Rf1e1 Kf8
20.Bg3e5 c6
21.Qd1d6 Ke8
22.Be5d4 Bd7e6
23.Re1xe6 fxe6
24.f7 Kxf7
25.Qd6xe6 Kf8
26.Qe6f7 
1-0

[Event "1/64 Finale"]
[Site "www.chess-mail.com"]
[Date "2017.06.23"]
[Round "1"]
[White "Pdebonis"]
[Black "Bojan"]
[WhiteElo "2720"]
[BlackElo "2010"]
[Result "1-0"]
[Round "1"]
1.e4 e5
2.Ng1f3 d6
3.d4 exd4
4.Nf3xd4 g6
5.Nb1c3 Bf8g7
6.Bc1e3 Bc8d7
7.Qd1d2 Nb8c6
8.O-O-O h5
9.f3 a6
10.Nd4xc6 Bd7xc6
11.Bf1c4 Ng8e7
12.Be3g5 f6
13.Bg5e3 f5
14.Rh1e1 Qd8d7
15.exf5 Ne7xf5
16.Be3g5 Kf8
17.Bc4e6 Bg7xc3
18.Qd2xc3 Qd7g7
19.Bg5f6 Qg7h6
20.Kb1 Rh8h7
21.g4 Nf5g7
22.g5 Ng7xe6
23.Re1xe6 { resign }
1-0

[Event "Fast Game"]
[Site "www.echecsemail.com"]
[Date "2017.06.23"]
[Round "1"]
[White "Motorhead99"]
[Black "Falcao"]
[WhiteElo "1450"]
[BlackElo "1599"]
[Result "0-1"]
[Round "1"]
1.d4 Ng8f6
2.e3 d5
3.Bf1d3 e6
4.Nb1d2 Bf8b4
5.c3 Bb4d6
6.f4 O-O
7.Ng1f3 Nb8c6
8.Nf3e5 Nc6e7
9.O-O Ne7f5
10.Qd1f3 c5
11.g4 Nf5h4
12.Qf3g3 Nf6e4
13.Nd2xe4 dxe4
14.Bd3xe4 f5
15.gxf5 exf5
16.Be4d5 Kh8
17.Bd5b3 Bd6xe5
18.fxe5 Nh4g6
19.d5 b5
20.e4 c4
21.Bb3c2 a6
22.Bc1g5 Qd8b6
23.Kh1 fxe4
24.Rf1xf8 Ng6xf8
25.Bc2xe4 Bc8b7
26.Bg5e3 Qb6c7
27.Kg1 Nf8g6
28.d6 Qc7d7
29.Be4xg6 hxg6
30.Qg3xg6 Bb7d5
{ time. }
0-1

[Event "Tourn. n9350"]
[Site "www.chess-mail.com"]
[Date "2017.06.24"]
[Round "1"]
[White "Prize64"]
[Black "Sorento"]
[WhiteElo "2100"]
[BlackElo "2260"]
[Result "0-1"]
[Round "1"]
1.e4 c5
2.Ng1f3 d6
3.d4 cxd4
4.Nf3xd4 Ng8f6
5.f3 g6
6.c4 Bf8g7
7.Nb1c3 Nb8c6
8.Bc1e3 O-O
9.Qd1d2 Nc6xd4
10.Be3xd4 Bc8e6
11.b3 Ra8c8
12.Ra1c1 a6
13.Bf1e2 Qd8a5
14.O-O Nf6d7
15.Bd4xg7 Kxg7
16.f4 Nd7f6
17.Qd2b2 Kg8
18.Kh1 b5
19.f5 Be6d7
20.b4 Qa5b6
21.c5 dxc5
22.e5 cxb4
23.Qb2xb4 Rc8xc3
24.Rc1xc3 Nf6d5
25.Qb4c5 Qb6xc5
26.Rc3xc5 Nd5e3
27.e6 Bd7e8
28.f6 fxe6
29.Rf1f3 Ne3d5
30.fxe7 Rf8f7
 { time }
0-1

[Event "Tourn. n9334"]
[Site "www.chess-mail.com"]
[Date "2017.06.24"]
[Round "1"]
[White "Johnmcbride"]
[Black "Prize64"]
[WhiteElo "2020"]
[BlackElo "2100"]
[Result "1-0"]
[Round "1"]
1.d4 c5
2.dxc5 e6
3.b4 a5
4.c3 axb4
5.cxb4 b6
6.cxb6 Bf8xb4
7.Bc1d2 Qd8xb6
8.Qd1b3 Bb4xd2
9.Nb1xd2 Qb6d4
10.Ra1c1 Nb8c6
11.e3 Qd4a4
12.Qb3xa4 Ra8xa4
13.Bf1c4 Ng8e7
14.Bc4b3 Ra4a8
15.Ng1f3 O-O
16.O-O d5
17.Rc1c2 Bc8a6
18.Rf1c1 Nc6b4
19.Rc2c7 Rf8c8
20.h3 Ne7c6
21.Rc7xc8 Ra8xc8
22.Rc1c3 Kf8
23.Nf3d4 Ke7
24.Nd4xc6 Rc8xc6
25.Rc3xc6 Nb4xc6
26.f4 Ba6d3
27.a4 Nc6a5
28.Bb3d1 Na5c4
29.Nd2xc4 dxc4
30.Kf2 c3
31.Ke1 c2
32.Kd2 cxd1Q
33.Kxd1 Bd3f1
34.a5 Bf1xg2
35.h4 Kd6
36.Ke2 Bg2e4
37.Kd2 Kc5
38.a6 Kb6
39.Kc3 Kxa6
40.Kd4 Be4g6
41.Ke5 Kb5
42.e4 Kc5
43.f5 exf5
44.exf5  { time }
1-0

[Event "Tourn. n9364"]
[Site "www.chess-mail.com"]
[Date "2017.06.24"]
[Round "1"]
[White "Szustan"]
[Black "Numanoid"]
[WhiteElo "2550"]
[BlackElo "2490"]
[Result "1/2-1/2"]
[Round "1"]
1.e4 e6
2.d4 d5
3.Nb1c3 Ng8f6
4.e5 Nf6d7
5.f4 c5
6.Ng1f3 Nb8c6
7.Bc1e3 cxd4
8.Nf3xd4 Qd8b6
9.Qd1d2 Qb6xb2
10.Ra1b1 Qb2a3
11.Bf1b5 Nc6xd4
12.Be3xd4 a6
13.Bb5xd7 Bc8xd7
14.Rb1b3 Qa3e7
15.Rb3xb7 Qe7h4
16.Bd4f2 Qh4d8
17.O-O Qd8c8
{ draw }
1/2-1/2

[Event "Tourn. n9317"]
[Site "www.chess-mail.com"]
[Date "2017.06.24"]
[Round "1"]
[White "Llcervello"]
[Black "Iko"]
[WhiteElo "1550"]
[BlackElo "1700"]
[Result "1-0"]
[Round "1"]
1.e4 e5
2.f3 Nb8c6
3.Qd1e2 Bf8d6
4.c3 Ng8f6
5.d3 O-O
6.Bc1g5 h6
7.Bg5xf6 Qd8xf6
8.Nb1d2 b6
9.O-O-O Bc8a6
10.c4 b5
11.b3 bxc4
12.dxc4 Nc6d4
13.Qe2d3 Bd6b4
14.Nd2b1 Qf6f4
15.Kb2 Rf8e8
16.g3 Qf4f6
17.a3 Bb4c5
18.b4 Bc5e7
19.Nb1c3 Ra8b8
20.h4 Qf6d6
21.Nc3d5 Ba6b7
22.Nd5xe7 Re8xe7
23.c5 Qd6g6
24.g4 Re7e6
25.Bf1h3 h5
26.gxh5 Qg6xh5
27.Bh3xe6 dxe6
28.b5 f5
29.f4 Bb7xe4
30.Qd3d2 Be4xh1
31.Rd1e1 Rb8xb5
32.Ka2 Rb5xc5
33.Re1xe5 Rc5xe5
34.Qd2xd4 Re5e4
35.Qd4d8 Kh7
36.Qd8xc7 Qh5xh4
37.Qc7xa7 Qh4h2
38.Kb3 Qh2g3
39.Kc2 Re4xf4
40.Ng1e2 Qg3g2
41.Kd1 Rf4f1
42.Kd2 Qg2d5
{ time. }
1-0

[Event "Tourn. n9420"]
[Site "www.chess-mail.com"]
[Date "2017.06.24"]
[Round "1"]
[White "Bojan"]
[Black "Astroboy"]
[WhiteElo "2010"]
[BlackElo "2020"]
[Result "0-1"]
[Round "1"]
1.e4 c6
2.Nb1c3 d5
3.exd5 cxd5
4.d4 Nb8c6
5.a3 g6
6.h3 Bf8g7
7.Ng1f3 Bc8f5
8.Bc1f4 a6
9.Bf4e3 Ng8f6
10.Nf3h4 Bf5d7
11.g3 Nf6e4
12.Nc3xe4 dxe4
13.c3 O-O
14.Bf1g2 f5
15.Bg2f1 e5
16.d5 Nc6d4
17.cxd4 f4
18.Be3d2 e3
19.fxe3 fxg3
20.Nh4g2 Qd8f6
21.Qd1e2 Bd7b5
22.dxe5 Qf6xe5
23.Bd2c3 Qe5e4
24.Qe2d2 Rf8f2
25.Qd2xf2 gxf2
26.Kxf2 Ra8f8
27.Ng2f4 Qe4xh1
28.d6 g5
29.Bf1c4 Bb5xc4
30.Ra1xh1 Bg7xc3
31.bxc3 gxf4
32.Rh1g1 Kh8
33.Kf3 fxe3
34.Kxe3 Bc4e6
35.Rg1g3 Rf8d8
36.Kf4 Rd8xd6
37.Ke5 Rd6c6
38.Rg3d3 Kg7
39.Rd3f3 Be6b3
40.Kd4 Rc6c4
41.Kd3 Rc4a4
{ resign }
0-1

[Event "Tourn. n9395"]
[Site "www.chess-mail.com"]
[Date "2017.06.24"]
[Round "1"]
[White "Osopanda"]
[Black "Cal"]
[WhiteElo "1720"]
[BlackElo "1700"]
[Result "0-1"]
[Round "1"]
1.Ng1f3 d5
2.c4 dxc4
3.Nb1c3 Nb8c6
4.d4 h6
5.e4 e6
6.Bf1xc4 Bf8b4
7.O-O a6
8.d5 exd5
9.exd5 Nc6e7
10.Rf1e1 Bc8g4
11.Re1e4 Bb4xc3
12.Re4xg4 Bc3b4
13.a3 Bb4c5
14.Bc1f4 Ng8f6
15.Rg4xg7 Ne7f5
 { time }
0-1

[Event "Tourn. n9364"]
[Site "www.chess-mail.com"]
[Date "2017.06.24"]
[Round "1"]
[White "Gimmyg"]
[Black "Numanoid"]
[WhiteElo "2420"]
[BlackElo "2490"]
[Result "1-0"]
[Round "1"]
1.Ng1f3 d5
2.e3 g6
3.c4 c6
4.d4 Ng8f6
5.Nb1c3 Bf8g7
6.Bf1d3 O-O
7.O-O Bc8g4
8.h3 Bg4xf3
9.Qd1xf3 e6
10.b3 Nb8d7
11.Bc1b2 Rf8e8
12.Rf1e1 Nd7b6
13.Ra1d1 Qd8c7
14.e4 Nf6xe4
15.Bd3xe4 dxe4
16.Nc3xe4 Qc7e7
17.Qf3f4 Ra8d8
18.Bb2c3 Nb6d7
19.Ne4d6 { resign }
1-0

[Event "Tourn. n9392"]
[Site "www.chess-mail.com"]
[Date "2017.06.24"]
[Round "1"]
[White "Xkafi"]
[Black "Prize64"]
[WhiteElo "2020"]
[BlackElo "2180"]
[Result "1-0"]
[Round "1"]
1.e4 e6
2.d4 d5
3.exd5 exd5
4.Nb1c3 c6
5.a3 Bf8d6
6.Ng1f3 Ng8e7
7.Bc1g5 O-O
8.Bf1d3 Qd8c7
9.h4 h6
10.Bg5e3 Bc8f5
11.Nc3e2 Bf5xd3
12.Qd1xd3 Qc7d7
13.O-O-O Qd7f5
14.Ne2g3 Qf5xd3
15.Rd1xd3 Nb8d7
16.Be3d2 Bd6xg3
17.fxg3  { time }
1-0

[Event "Tourn. n9428"]
[Site "www.chess-mail.com"]
[Date "2017.06.24"]
[Round "1"]
[White "Gvladutz"]
[Black "Malbertan"]
[WhiteElo "2079"]
[BlackElo "2040"]
[Result "1-0"]
[Round "1"]
1.e4 e5
2.Ng1f3 Nb8c6
3.d4 exd4
4.Bc1g5 Bf8e7
5.Bg5xe7 Qd8xe7
6.Bf1d3 d5
7.O-O Ng8f6
8.exd5 Nc6b4
9.Rf1e1 { resign }
1-0

[Event "Tourn. n9262"]
[Site "www.chess-mail.com"]
[Date "2017.06.24"]
[Round "1"]
[White "Ff333"]
[Black "Norlavuaram"]
[WhiteElo "2140"]
[BlackElo "2080"]
[Result "0-1"]
[Round "1"]
1.e4 e5
2.Ng1f3 Nb8c6
3.Bf1c4 Bf8e7
4.O-O Ng8f6
5.d3 O-O
6.Nf3g5 d5
7.Bc4b3 h6
8.Ng5f3 dxe4
9.dxe4 Bc8g4
10.Nb1d2 Nc6d4
11.Rf1e1 c5
12.h3 Bg4h5
13.g4 Bh5g6
14.Nf3xe5 Bg6h7
15.Bb3xf7 Rf8xf7
16.Ne5xf7 Kxf7
17.f3 Kg8
18.c3 Nd4e6
19.Qd1b3 Ra8b8
20.Qb3xe6 Kh8
21.Qe6c4 Qd8c7
22.Nd2b3 Qc7g3
23.Kf1 Qg3xf3
24.Kg1 Qf3g3
25.Kf1 Qg3xh3
26.Ke2 Bh7xe4
27.Kd1 b5
28.Qc4f1 Rb8d8
29.Bc1d2 Qh3xg4
30.Kc1 Be7d6
31.Bd2xh6 Bd6g3
32.Re1d1 Rd8xd1
33.Qf1xd1 Qg4xd1
34.Kxd1 gxh6
35.Nb3xc5 Be4c6
36.Kc2 h5
37.Ra1f1 Kg7
38.Nc5e6 Kg6
39.Ne6f4 Kg7
40.Nf4e6 Kg6
41.Ne6f4 Bg3xf4
42.Rf1xf4 Kg5
43.Rf4f1 h4
44.Rf1g1 Nf6g4
45.Rg1f1 h3
46.Rf1f8 h2
47.Rf8g8 Kf4
48.Rg8f8 Kg3
49.Rf8h8 h1Q
{ resign }
0-1

[Event "Tourn. n9392"]
[Site "www.chess-mail.com"]
[Date "2017.06.24"]
[Round "1"]
[White "Prize64"]
[Black "Falcoale"]
[WhiteElo "2180"]
[BlackElo "2030"]
[Result "0-1"]
[Round "1"]
1.e4 c5
2.Ng1f3 Nb8c6
3.Bf1b5 a6
4.Bb5xc6 bxc6
5.O-O e6
6.d3 Bc8b7
7.c4 d5
8.Qd1e2 h6
9.h3 Ng8f6
10.Nb1c3 d4
11.Nc3b1 Bf8e7
12.a4 Nf6d7
13.Bc1f4 O-O
 { time }
0-1

[Event "Tourn. n9418"]
[Site "www.chess-mail.com"]
[Date "2017.06.24"]
[Round "1"]
[White "Redabond"]
[Black "Quaff"]
[WhiteElo "1600"]
[BlackElo "1779"]
[Result "0-1"]
[Round "1"]
1.d4 c6
2.Bc1f4 e6
3.Nb1c3 d5
4.e3 Bf8d6
5.Bf4xd6 Qd8xd6
6.Ng1f3 h6
7.Bf1d3 Ng8f6
8.e4 dxe4
9.Bd3xe4 Nb8a6
10.O-O O-O
11.Be4d3 Nf6h7
12.Qd1e2 f5
13.Qe2e5 Qd6xe5
14.dxe5 Na6c7
15.h3 Nc7d5
16.Nc3xd5 cxd5
17.c4 dxc4
18.Bd3xc4 a6
19.Nf3d4 Nh7g5
20.h4 Ng5f7
21.Nd4xe6 Bc8xe6
22.Bc4xe6 Rf8e8
23.Be6xf5 Re8xe5
24.g4 Nf7d6
25.Bf5c2 Ra8c8
26.Ra1d1 Rc8xc2
27.Rd1xd6 Re5e4
28.Rd6d8 Kh7
29.Rf1b1 Re4e2
30.Rd8d7 Re2xf2
31.Rd7xb7 Rf2g2
32.Kf1 Rg2xg4
33.Rb7b6 Rg4xh4
34.Rb6xa6 Rh4h1
{ resign }
0-1

[Event "Match"]
[Site "www.echecsemail.com"]
[Date "2017.06.24"]
[Round "1"]
[White "Cjood"]
[Black "Gambitmiau"]
[WhiteElo "1920"]
[BlackElo "2030"]
[Result "1-0"]
[Round "1"]
1.e4 Nb8c6
2.Ng1f3 d5
3.exd5 Nc6b4
4.c4 Bc8f5
5.Qd1a4 c6
6.Qa4xb4 e6
7.Qb4xb7 exd5
8.Qb7xc6 Bf5d7
9.Qc6xd5 Ng8f6
10.Qd5e5 Bf8e7
11.Nb1c3 O-O
12.Bf1e2 Rf8e8
13.O-O Be7c5
14.Qe5xc5 Nf6e4
15.Nc3xe4 Re8xe4
16.Rf1e1 Bd7g4
17.d3 Re4e8
18.Bc1f4 Qd8f6
19.Bf4e5 Qf6e6
20.d4 Ra8c8
21.Qc5xa7 Bg4xf3
22.Be2xf3 Rc8xc4
23.b3 Rc4xd4
24.Qa7xd4 f6
25.Bf3d5 fxe5
26.Bd5xe6 Re8xe6
27.Qd4d5 { resign }
1-0

[Event "Match"]
[Site "www.echecsemail.com"]
[Date "2017.06.24"]
[Round "1"]
[White "Cjood"]
[Black "Bojan"]
[WhiteElo "1960"]
[BlackElo "2010"]
[Result "1-0"]
[Round "1"]
1.e4 Nb8c6
2.Bf1c4 g6
3.Qd1f3 Nc6e5
4.Qf3b3 e6
5.d4 Ne5xc4
6.Qb3xc4 Bf8g7
7.c3 b6
8.Bc1f4 c6
9.Bf4d6 a5
10.Ng1f3 Ng8e7
11.g4 Bc8a6
12.Qc4b3 f6
13.Bd6xe7 Kxe7
14.Nb1d2 Ba6d3
15.O-O-O Bd3e2
16.Rd1e1 Be2d3
17.c4 Bd3xc4
18.Nd2xc4 Ra8b8
19.Nc4e3 Qd8c7
20.h4 Qc7f4
21.Rh1h3 Rh8c8
22.g5 Qf4xe4
23.gxf6 Bg7xf6
24.Kd2 Qe4f4
25.Kd1 d5
26.h5 g5
27.Re1g1 h6
28.Rg1g4 Qf4d6
29.a3 c5
30.Qb3a4 Qd6c7
31.Ne3c2 b5
32.Qa4b3 Qc7d7
33.dxc5 Rc8xc5
34.Nc2e3 e5
35.Rh3g3 a4
36.Qb3a2 Rb8c8
37.Nf3d2 Kd6
38.Rg3f3 Ke7
39.Ne3f5 Kf8
40.Nf5xh6 Rc8c6
41.Rg4xg5 Qd7h7
42.Rg5g6 Ke7
43.Nh6f5 Kd8
44.Nf5g3 Ke8
45.Rf3xf6 Rc6xf6
46.Rg6xf6 Qh7c2
47.Ke2 e4
48.h6 Qc2d3
49.Kd1 Qd3c2
50.Ke1 Qc2d3
51.Qa2a1 Rc5c2
52.Qa1d1 Rc2c7
53.Qd1h5 Kd7
54.Qh5f5 Ke8
55.Rf6f8 { resign }
1-0

[Event "Match"]
[Site "www.echecsemail.com"]
[Date "2017.06.24"]
[Round "1"]
[White "Raulazo"]
[Black "Bjonil60"]
[WhiteElo "1860"]
[BlackElo "1450"]
[Result "1-0"]
[Round "1"]
1.e4 Nb8c6
2.Ng1f3 h6
3.Bf1c4 e6
4.e5 Qd8e7
5.Nb1c3 Nc6b4
6.a3 Nb4c6
7.Nc3b5 a6
8.Nb5c3 b6
9.O-O b5
10.Bc4e2 g6
11.d4 Nc6a7
12.b4 Na7c6
13.d5 Nc6a7
14.dxe6 Qe7xe6
15.Nf3d4 Qe6xe5
16.Rf1e1 Bc8b7
17.Be2xb5 axb5
18.Re1xe5 Bf8e7
19.Qd1e2 Ng8f6
20.Re5xe7 Kf8
21.f3 g5
22.Nc3xb5 Na7c8
23.Nb5xc7 Ra8a7
24.Re7e8 Nf6xe8
25.Qe2xe8 Kg7
26.Qe8e5 Kg8
27.Nd4f5 Kh7
28.Qe5f6 Ra7a6
29.Qf6xh6 Kg8
30.Qh6g7 
1-0

[Event "Match"]
[Site "www.echecsemail.com"]
[Date "2017.06.24"]
[Round "1"]
[White "Hundegana"]
[Black "Carazo"]
[WhiteElo "2070"]
[BlackElo "1680"]
[Result "1-0"]
[Round "1"]
1.e4 e5
2.c4 Bf8c5
3.Qd1f3 Ng8f6
4.Nb1c3 d6
5.h3 Nb8c6
6.Ng1e2 Bc5b4
7.Nc3d5 Nf6xd5
8.cxd5 Nc6d4
9.Ne2xd4 exd4
10.a3 Bb4c5
11.d3 b5
12.b4 Bc5b6
13.Bf1e2 Bc8b7
14.g4 a5
15.Ra1b1 a4
16.Bc1f4 Qd8e7
17.O-O O-O-O
18.Rb1c1 g5
19.Bf4g3 Rd8f8
20.Qf3f5 Kb8
21.Qf5f3 f5
22.gxf5 Bb7c8
23.Rf1e1 h5
24.Rc1c6 Bc8d7
25.Rc6c2 h4
26.Bg3h2 g4
27.hxg4 Rf8g8
28.Kh1 h3
29.Re1g1 Bd7e8
30.f6 Qe7f7
31.g5 Qf7g6
32.e5 Kb7
33.exd6 cxd6
34.Bh2xd6 Be8f7
35.Bd6e7 h2
36.Rg1g3 Qg6h7
37.d6 Ka7
38.Qf3c6 Qh7f5
39.Be2g4 Qf5d5
40.Qc6xd5 Bf7xd5
41.f3 Bd5b3
42.Rc2xh2 Rh8xh2
43.Kxh2 Rg8xg5
44.f7 Bb3xf7
45.Be7xg5 Bf7g6
46.f4 Bg6e8
47.Rg3h3 Ka6
48.Rh3h8 Be8g6
49.Rh8a8 Kb7
50.Bg4f3 { resign }
1-0

[Event "Match"]
[Site "www.echecsemail.com"]
[Date "2017.06.24"]
[Round "1"]
[White "Paco"]
[Black "Coraza8091"]
[WhiteElo "1970"]
[BlackElo "1450"]
[Result "1-0"]
[Round "1"]
1.e4 e5
2.Ng1f3 Nb8c6
3.Bf1c4 h6
4.O-O Ng8f6
5.d3 Bf8c5
6.Nb1c3 Bc5b4
7.a3 Bb4xc3
8.bxc3 b6
9.a4 a5
10.Bc1a3 d6
11.Bc4b5 Bc8b7
12.Qd1e2 Qd8d7
13.d4 O-O-O
14.d5 g5
15.dxc6 Qd7g4
16.Bb5a6 Qg4xe4
17.Ba6xb7 Kb8
18.Qe2a6 { resign }
1-0

[Event "1/64 Finale"]
[Site "www.chess-mail.com"]
[Date "2017.06.24"]
[Round "1"]
[White "Julian"]
[Black "Llord"]
[WhiteElo "1660"]
[BlackElo "1920"]
[Result "0-1"]
[Round "1"]
1.e4 e5
2.Ng1f3 Nb8c6
3.Bf1b5 Bf8d6
4.d4 exd4
5.O-O Ng8f6
6.Rf1e1 Bd6b4
7.c3 dxc3
8.Nb1xc3 O-O
9.e5 Nf6e8
 { time }
0-1

[Event "Tourn. n9344"]
[Site "www.chess-mail.com"]
[Date "2017.06.25"]
[Round "1"]
[White "Jesmantiz"]
[Black "Estonia"]
[WhiteElo "2160"]
[BlackElo "2070"]
[Result "1-0"]
[Round "1"]
1.d4 Ng8f6
2.e3 d5
3.Bf1d3 Nb8c6
4.f4 Bc8g4
5.Ng1f3 e6
6.a3 Bf8e7
7.O-O Bg4xf3
8.Qd1xf3 Qd8d6
9.Nb1c3 O-O
10.Qf3h3 g6
11.g4 Nc6a5
12.b3 c5
13.Bc1d2 Na5c6
14.dxc5 Qd6xc5
15.b4 Qc5d6
16.Nc3b5 Qd6d7
17.Bd2c3 a6
18.Nb5d4 Ra8c8
19.Bc3b2 Rf8e8
20.Nd4f3 Nf6e4
21.Qh3h6 Be7f8
22.Qh6h3 f5
23.Nf3h4 Bf8g7
24.Ra1b1 Ne4d2
25.gxf5 Nd2xf1
26.f6 Bg7h8
27.Rb1xf1 Qd7f7
28.Kh1 Bh8xf6
29.Bb2c1 d4
30.e4 Bf6xh4
31.Qh3xh4 Qf7g7
32.f5 exf5
33.exf5 Nc6e5
34.f6 Qg7f7
35.Qh4xd4 Ne5c6
36.Qd4h4 b5
37.Bc1h6 Nc6e5
38.Bd3e4 Rc8c3
39.Bh6c1 Re8c8
40.Bc1b2 Ne5d7
41.Qh4g5 Rc3xc2
42.Be4d5 { resign }
1-0

[Event "Tourn. n9388"]
[Site "www.chess-mail.com"]
[Date "2017.06.25"]
[Round "1"]
[White "Aperturaf"]
[Black "Leonger"]
[WhiteElo "2660"]
[BlackElo "2470"]
[Result "1-0"]
[Round "1"]
1.e4 e5
2.Ng1f3 Nb8c6
3.d4 exd4
4.Nf3xd4 Ng8f6
5.Nd4xc6 bxc6
6.e5 Qd8e7
7.Qd1e2 Nf6d5
8.c4 Nd5b6
9.Nb1c3 Bc8a6
10.Qe2e4 f6
11.exf6 Qe7xe4
12.Nc3xe4  { time }
1-0

[Event "Tourn. n9342"]
[Site "www.chess-mail.com"]
[Date "2017.06.25"]
[Round "1"]
[White "Vaido12"]
[Black "Numanoid"]
[WhiteElo "2350"]
[BlackElo "2520"]
[Result "1/2-1/2"]
[Round "1"]
1.e4 e6
2.d4 d5
3.Nb1c3 Ng8f6
4.e5 Nf6d7
5.f4 c5
6.Ng1f3 Nb8c6
7.Bc1e3 Bf8e7
8.Qd1d2 O-O
9.dxc5 Nd7xc5
10.a3 b6
11.Nf3d4 Nc6xd4
12.Be3xd4 Bc8b7
13.Bf1e2 Nc5e4
14.Qd2e3 Ra8c8
15.Nc3xe4 dxe4
16.c3 Qd8d5
17.b4 Qd5d7
18.O-O Rf8d8
19.Kh1 Qd7a4
20.h3 Bb7a6
{ draw }
1/2-1/2

[Event "Tourn. n9309"]
[Site "www.chess-mail.com"]
[Date "2017.06.25"]
[Round "1"]
[White "Senitram"]
[Black "Szustan"]
[WhiteElo "2670"]
[BlackElo "2630"]
[Result "1/2-1/2"]
[Round "1"]
1.Ng1f3 Nb8c6
2.d4 d5
3.c4 dxc4
4.d5 Nc6b8
5.e4 e6
6.Bf1xc4 exd5
7.Bc4xd5 Ng8f6
8.Bd5xf7 Kxf7
9.Qd1xd8 Bf8b4
10.Qd8d2 Bb4xd2
11.Nf3xd2 Nb8c6
12.Nb1c3 b6
13.Nd2f3 Bc8a6
14.Nf3g5 Ke7
15.f3 h6
16.Ng5h3 Nc6b4
17.Kf2 Rh8d8
18.g4 Nf6d7
19.b3 c5
20.Nh3f4 Nd7e5
21.Nc3d5 Kf7
22.Nd5xb4 cxb4
23.Bc1e3 Ra8c8
24.Kg3 Rc8c3
25.Nf4d5 Rd8xd5
26.exd5 Rc3xe3
27.Ra1e1 Re3xe1
28.Rh1xe1 Ne5d7
29.f4 Ba6b5
30.d6 a5
31.Re1e7 Kf6
32.h4 Nd7c5
33.g5 Kg6
34.Kf3 Bb5c6
35.Ke3 hxg5
36.fxg5 Bc6b5
37.Kf4 Bb5c6
38.Ke5 Nc5d7
39.Kd4 Nd7c5
40.Kc4 Nc5d7
{ draw }
1/2-1/2

[Event "Tourn. n9431"]
[Site "www.chess-mail.com"]
[Date "2017.06.25"]
[Round "1"]
[White "Dussek"]
[Black "Cristiano"]
[WhiteElo "1499"]
[BlackElo "1680"]
[Result "1-0"]
[Round "1"]
1.d4 Ng8f6
2.c4 g6
3.Nb1c3 Bf8g7
4.Ng1f3 d6
5.e4 O-O
6.Bf1e2 Nb8d7
7.O-O e5
8.d5 Nd7c5
9.Qd1c2 Bc8g4
10.h3 { resign }
1-0

[Event "Tourn. n9431"]
[Site "www.chess-mail.com"]
[Date "2017.06.25"]
[Round "1"]
[White "Osmundw"]
[Black "Cristiano"]
[WhiteElo "1430"]
[BlackElo "1680"]
[Result "1-0"]
[Round "1"]
1.e4 e5
2.d3 Nb8c6
3.Bc1e3 Ng8f6
4.f4 d6
5.Nb1c3 Bf8e7
6.Nc3d5 Bc8e6
7.fxe5 dxe5
8.Ng1f3 { resign }
1-0

[Event "Tourn. n9402"]
[Site "www.chess-mail.com"]
[Date "2017.06.25"]
[Round "1"]
[White "Julian"]
[Black "Madz123456"]
[WhiteElo "1660"]
[BlackElo "1610"]
[Result "0-1"]
[Round "1"]
1.e4 c5
2.Ng1f3 d6
3.d4 cxd4
4.Nf3xd4 Ng8f6
5.Nb1c3 a6
6.Bf1c4 e6
7.O-O b5
8.Bc4e2 b4
9.e5 dxe5
10.Nd4xe6 Bc8xe6
11.Nc3b1 Nb8d7
 { time }
0-1

[Event "Tourn. n9410"]
[Site "www.chess-mail.com"]
[Date "2017.06.25"]
[Round "1"]
[White "Cjood"]
[Black "Griffo30"]
[WhiteElo "1850"]
[BlackElo "2030"]
[Result "0-1"]
[Round "1"]
1.c4 Ng8f6
2.d4 e6
3.Nb1c3 Bf8b4
4.f3 d5
5.cxd5 Nf6xd5
6.Bc1d2 Nb8c6
7.Nc3xd5 Bb4xd2
8.Qd1xd2 Qd8xd5
9.e3 Bc8d7
10.b3 O-O
11.Bf1c4 Qd5g5
12.O-O-O a5
13.h4 Qg5e7
14.Ng1e2 a4
15.Qd2b2 axb3
16.axb3 Nc6b4
17.Ne2c3 b5
18.Bc4e2 c5
19.Be2xb5 Bd7xb5
20.Nc3xb5 Ra8a2
21.Qb2c3 Qe7d7
22.Nb5a3 Ra2xa3
23.dxc5 Qd7b5
24.Rd1d4 Nb4a2
25.Kb2 Na2xc3
26.Kxa3 Qb5xc5
27.Kb2 Rf8a8
28.Rd4c4 Ra8a2
29.Kxc3 Qc5xe3
30.Kb4 Ra2a8
31.Rh1c1 Ra8b8
32.Ka3 Qe3xb3
{ resign }
0-1